000 00885cam a2200229 4500
001 ABS68054
008 040715n2004 000 0 eng u
035 _a(Sirsi) u126785
100 _aWhittingham, M.
245 _aGeophysics helps developers avoid temple of doom
260 _c2004
490 _aGeomatics World
_v12(4) May/June 2004, 35(1)
520 _aSince the introduction of PPG16, archaeology has become more involved in planning consent for developments. Argues that geophysical techniques not only play a prominent role in archaeological investigations but also help developers achieve planning consent and avoid the costly implications of an unexpected find.
590 _aABS
590 _aABS
650 _aGEOPHYSICS
650 _aPPG16
650 _aARCHAEOLOGICAL SITES
650 _aPLANNING PERMISSION
690 _aPLANNING-PRACTICE
942 _n0
999 _c117701
_d117701